000 00904cab a2200277 4500
001 ABS54269
008 090401t1996 xxu||||| |||| 00| 0 eng d
035 _a(Sirsi) u9425
041 _aeng
245 _aHighways and conservation
260 _c1996
350 _a0
490 _aQuarry Management
_vJanuary 1996, 37-40(4)
520 _aExamines how materials reclaimed from roads during reconstruction, from residues of industrial processes, including mining and from the demolition of construction projects, can be used in all stages of the construction of roads.
650 _aAGGREGATES
650 _aBITUMEN
650 _aCAPPING
650 _aEARTHWORKS
650 _aPAVEMENTS
650 _aRECYCLED MATERIALS
650 _aROAD CONSTRUCTION
650 _aSPECIFICATION FOR HIGHWAY WORKS
690 _aBUILT ENVIRONMENT-BUILDING MATERIALS
942 _n0
948 _c04/03/1997
999 _c5884
_d5884